Evaluación para el aprendizaje
Gespeichert in:
| Körperschaft: | |
|---|---|
| Format: | Buch |
| Sprache: | Spanisch |
| Veröffentlicht: |
Santiago
Ministerio de Educación de Chile
2005
|
| Schlagworte: | |
| Tags: |
Tag hinzufügen
Keine Tags, Fügen Sie den ersten Tag hinzu!
|
MARC
| LEADER | 00000nam a2200000 a 4500 | ||
|---|---|---|---|
| 001 | UCI2329 | ||
| 003 | CL-VaPUC | ||
| 005 | 20210330001529.0 | ||
| 008 | 070817e20050000cl 1 spa d | ||
| 082 | 0 | 4 | |a 371.26 |b UNI |2 21 |
| 110 | 2 | |a Universidad de Chile |e author |9 621054 | |
| 245 | 1 | 0 | |a Evaluación para el aprendizaje |
| 260 | |a Santiago |b Ministerio de Educación de Chile |c 2005 | ||
| 300 | |a 182 p | ||
| 583 | |a last modification |c 20190828 09:46:40 |k Rodrigo Vera | ||
| 650 | 0 | 0 | |a Evaluación de la educación |9 237505 |
| 650 | 0 | 0 | |a Aprendizaje |9 254827 |
| 650 | 0 | 0 | |a Métodos de enseñanza |9 270413 |
| 650 | 0 | 0 | |a Innovaciones pedagógicas |9 307471 |
| 651 | 7 | |a CHILE |2 CL-VaPUC |9 621055 | |
| 942 | |c BK | ||
| 945 | |a jtorresc |d 20070817 00:00:00 | ||
| 546 | |a En Español | ||
| 536 | |a Universidad de Chile | ||
| 518 | |p Seminario Internacional Evaluación para el Aprendizaje, 1, Santiago, Octubre 2005 | ||
| 999 | |c 384287 |d 384285 | ||
| 952 | |0 0 |1 0 |4 0 |6 371_260000000000000_UNI_2005 |7 0 |8 A |9 506924 |a BIBEDU |b BIBEDU |d 2020-01-23 |i 4364473 |o 371.26 UNI 2005 |p 4364473 |r 2020-01-23 |w 2020-01-23 |y BK |k EBA | ||